Urban Areas - Middle East - Statistics

General Stats
  • This quiz has been taken 38 times
  • The average score is 42 of 56
Answer Stats
Population Country City % Correct
1,360,000 U.A.E. Abu Dhabi
100%
5,300,000 Jordan Amman
100%
4,850,000 Turkey Ankara
100%
6,950,000 Iraq Baghdad
100%
2,525,000 Azerbaijan Baku
100%
3,675,000 Syria Damascus
100%
4,625,000 U.A.E. Dubai
100%
3,275,000 Pakistan Islamabad
100%
14,800,000 Turkey Istanbul
100%
4,000,000 Afghanistan Kabul
100%
4,475,000 Kuwait Kuwait City
100%
12,200,000 Pakistan Lahore
100%
7,400,000 Saudi Arabia Riyadh
100%
14,700,000 Iran Tehran
100%
2,325,000 Qatar Doha
97%
16,900,000 Pakistan Karachi
97%
1,300,000 Oman Muscat
97%
2,625,000 Israel Tel Aviv
97%
2,050,000 Syria Aleppo
94%
1,750,000 Lebanon Beirut
94%
4,625,000 Saudi Arabia Jeddah
94%
1,470,000 Bahrain Manama
94%
2,625,000 Yemen Sana'a
94%
1,300,000 Turkmenistan Ashgabat
90%
1,020,000 Kazakhstan Astana
90%
3,000,000 Turkey Izmir
90%
2,700,000 Uzbekistan Tashkent
90%
1,490,000 Armenia Yerevan
90%
1,970,000 Kazakhstan Almaty
87%
2,000,000 Saudi Arabia Mecca
87%
1,290,000 Georgia Tbilisi
84%
1,400,000 Iraq Mosul
81%
1,040,000 Kyrgyzstan Bishkek
77%
1,440,000 Saudi Arabia Medina
77%
2,375,000 Saudi Arabia Dammam
74%
1,910,000 Palestine Gaza City
74%
3,100,000 Iran Isfahan
68%
1,240,000 Turkey Antalya
61%
1,440,000 Iraq Basra
61%
1,700,000 Iran Shiraz
61%
3,475,000 Pakistan Faisalabad
58%
3,100,000 Iran Mashhad
58%
2,025,000 Turkey Bursa
55%
2,150,000 Pakistan Hyderabad
55%
1,760,000 Iran Tabriz
52%
1,720,000 Turkey Adana
48%
2,200,000 Pakistan Peshawar
48%
1,080,000 Pakistan Quetta
48%
1,240,000 Iran Qom
45%
1,660,000 Turkey Gaziantep
35%
1,280,000 Turkey Konya
26%
2,000,000 Pakistan Multan
26%
2,600,000 Pakistan Gujranwala
23%
1,020,000 Iraq Kirkuk
23%
1,320,000 Iran Ahvaz
16%
1,110,000 Turkey Kayseri
13%
No matching quizzes found
Score Distribution
Percent of People with Each Score
Percentile by Number Answered
Your Score History
You have not taken this quiz